000 nam a22 a 4500
999 _c57116
_d57116
005 20220718155833.0
008 180408b bul|||||r ||||||| ||bul||
040 _aBLK
041 _aBUL
_cBUL
080 _aНаследствени болести. Наследствени пороци. Наследствено предрасположение. - Предаване на болестите от родителите, болести втора генерация, фамилни болести;злополуки, емоции на майката по време на бре
_b616-056.7
_x(035)
_z616-056.7(035)
100 1 _aБотев, Ботю Атанасов
_eпърви автор
_9369430
139 _aМедицинска генетика
_bМ 45
245 1 0 _aМедицинска генетика
_bРъководство
_cБотю Атанасов Ботев; ред. Радой Петров Попиванов.
257 _aBGR
260 _aСофия
_bМедицина и физкултура
_c1973
300 _a276 с.
_bс черт., табл., 3 л. : ил.
_c24 см
380 _a61
500 _aАвт. : Ив. Д. Буланов, В. Хр. Вълчанов, Т. Ил. Еврев, Ст. М. Живков, К. И. Киров, Л. Ст. Наков, Р. П. Попиванов, отбелязани на с. 5. - Други ред. Б. Ботев и В. Вълчанов. - Библиогр. с. 246-249. - Азб. показалец
650 4 _aГенетика, медицинска
_9249288
653 _aмедицинска генетика
700 1 _aПопиванов, Радой Петров
_eред.
_9369291
852 _aЦб 67891
_bЦб
856 4 _qpdf
856 4 _qpdf
942 _cKNG
_n0
_02
_s1
944 _aCR
_c13.06.2004
_kНаталия_Медовщикова
944 _aED
_c2022-07-18
_kКети
999 _d57116